Normal view
MARC view
- Arora,M.N
Entry Personal Name
001 - CONTROL NUMBER
- control field: 349
003 - CONTROL NUMBER IDENTIFIER
- control field: JO-AjAnu
005 - DATE AND TIME OF LATEST TRANSACTION
- control field: 20230606070349.0
008 - FIXED-LENGTH DATA ELEMENTS
- fixed length control field: 230606|| aca||aabn | a|a d
040 ## - CATALOGING SOURCE
- Original cataloging agency: JO-AjAnu
- Transcribing agency: JO-AjAnu
100 ## - HEADING--PERSONAL NAME
- Personal name: Arora,M.N
670 ## - SOURCE DATA FOUND
- Source citation: Work cat.: (JO-AjAnu)183: Arora,M.N, author, Cost and Management Accounting : Theory, Problems and Solutions